Personnages Disney - Mort Subite #2 - Statistiques

Statistiques générales
  • Ce quiz a été pris 36 fois
  • Le résultat moyen est 9 sur 21
Answers on the Grid
Answers color-coded by a green-red scale on the quiz's grid according to % correct below.
Rajah
Laurence
Tigrou
Noé
Simba
Philippe
Timal
Polochon
Clara
Nala
Pongo
Anna
Lalie
Mufasa
Olaf
Timon
Pascal
Timour
Oliver
Gidéon
Kovu
Sarafina
Tiana
Cindy
Merida
Belle
Figaro
Elmer
Gedéon
Goliath
 
Statistiques - réponses
Réponse % Correct
Mufasa
68%
Olaf
68%
Simba
68%
Nala
64%
Rajah
64%
Anna
61%
Polochon
61%
Tigrou
57%
Pongo
54%
Philippe
50%
Timon
50%
Belle
43%
Figaro
32%
Tiana
32%
Merida
29%
Oliver
25%
Gedéon
18%
Kovu
14%
Goliath
7%
Sarafina
7%
Elmer
0%
Aucun quiz correspondant
Distribution des résultats
% des personnes avec chaque résultat
Percentile par nombre de réponses
Votre historique - résultats
Vous n’avez pas pris ce quiz